000 00544nam a2200157 a 4500
001 000028341
005 20200930031545.0
008 110408nuuuuuuuudr ac 000 | spa d
040 _aDO-SdBNP
_bspa
_cBNPHU
082 _axxx
_bP964a
245 0 0 _aProducción de abonos organicos utilizando desechos organicos comunitarios /
_ceditado por Andrea Brechelt.
260 _aSanto Domingo :
_bFundación Agricultura y Medio Ambiente,
_c[19--?].
300 _a23 p. :
_bil., retrs. ;
_c22 cm.
700 1 _aBrechelt, Andrea,
_eed.
_922300
049 _aBNPD
999 _c27833
_d27833